LIBRARY & INFORMATION CENTRE, KCAET, TAVANUR

ONLINE PUBLIC ACCESS CATALOGUE (OPAC)

Surveying made easy / (Record no. 3111)

MARC details
000 -LEADER
fixed length control field 00412cam a2200169ua 4500
003 - CONTROL NUMBER IDENTIFIER
control field OSt
008 - FIXED-LENGTH DATA ELEMENTS--GENERAL INFORMATION
fixed length control field 250502b |||||||| |||| 00| 0 eng d
041 ## - LANGUAGE CODE
Language code of text/sound track or separate title eng
082 ## - DEWEY DECIMAL CLASSIFICATION NUMBER
Classification number 624.1517
Item number NAG/SU
100 ## - MAIN ENTRY--AUTHOR NAME
Personal name Nagraj , M S .
245 ## - TITLE STATEMENT
Title Surveying made easy /
250 ## - EDITION STATEMENT
Edition statement 1 /
260 ## - PUBLICATION, DISTRIBUTION, ETC. (IMPRINT)
Place of publication Allaha bad -2 :
Name of publisher Saroj Prakashan ,
Year of publication 1965.
300 ## - PHYSICAL DESCRIPTION
Number of Pages 448 ; .
700 1# - ADDED ENTRY--PERSONAL NAME
Personal name Sharma, S.C.
942 ## - ADDED ENTRY ELEMENTS (KOHA)
Koha item type Books
Holdings
Withdrawn status Lost status Damaged status Home library Current library Date acquired Full call number Accession Number Koha item type
      KAUAET KAUAET 07/04/2012 624.1517 NAG/SU 17632 Books
free website counter